Revelation / (Record no. 2717)
[ view plain ]
| 000 -LEADER | |
|---|---|
| fixed length control field | 00618cam a2200205 a 4500 |
| 001 - CONTROL NUMBER | |
| control field | 0000002814 |
| 005 - DATE AND TIME OF LATEST TRANSACTION | |
| control field | 20140825164024.0 |
| 008 - FIXED-LENGTH DATA ELEMENTS--GENERAL INFORMATION | |
| fixed length control field | 880901s1988 tnuaf 00010 eng |
| 020 ## - INTERNATIONAL STANDARD BOOK NUMBER | |
| International Standard Book Number | 0939697378 (pbk.) |
| 035 ## - SYSTEM CONTROL NUMBER | |
| System control number | 88180916 |
| 040 ## - CATALOGING SOURCE | |
| Original cataloging agency | PUL |
| 050 ## - LIBRARY OF CONGRESS CALL NUMBER | |
| Classification number | BS491.2 |
| Item number | .C65 1988 |
| 100 10 - MAIN ENTRY--PERSONAL NAME | |
| Personal name | Conn, Robert. |
| 245 10 - TITLE STATEMENT | |
| Title | Revelation / |
| Statement of responsibility, etc | [commentary] by Robert H. Conn. |
| 260 0# - PUBLICATION, DISTRIBUTION, ETC. (IMPRINT) | |
| Place of publication, distribution, etc | [Nashville, Tenn.] : |
| Name of publisher, distributor, etc | Graded Press, |
| Date of publication, distribution, etc | c1988. |
| 300 ## - PHYSICAL DESCRIPTION | |
| Extent | 154 p., [3] p. of plates : |
| Other physical details | ill. ; |
| Dimensions | 22 cm. |
| 440 #0 - SERIES STATEMENT/ADDED ENTRY--TITLE | |
| Title | Cokesbury basic Bible commentary ; |
| Volume number/sequential designation | 29 |
| 630 00 - SUBJECT ADDED ENTRY--UNIFORM TITLE | |
| Uniform title | Bible. |
| Name of part/section of a work | N.T. |
| -- | Revelation |
| General subdivision | Commentaries. |
| 908 ## - PUT COMMAND PARAMETER (RLIN) | |
| Put command parameter | 050217 |
| Withdrawn status | Lost status | Source of classification or shelving scheme | Damaged status | Not for loan | Home library | Current library | Date acquired | Source of acquisition | Total Checkouts | Full call number | Barcode | Date last seen | Price effective from | Koha item type |
|---|---|---|---|---|---|---|---|---|---|---|---|---|---|---|
| Library of Congress Classification | Presbyterian University of East Africa - Main Library | Presbyterian University of East Africa - Main Library | 26/12/2012 | Donation | BS491.2 .C65 1988 | 020010002903 | 26/12/2012 | 26/12/2012 | General circulation books |
